<?xml version="1.0" encoding="UTF-8"?>
<marc:record xmlns:marc="http://www.loc.gov/MARC21/slim">
   <marc:leader>00000nam a2200000 a 4500</marc:leader>
   <marc:datafield ind1="1" ind2=" " tag="100">
      <marc:subfield code="a">Walsch, Neale Donald</marc:subfield>
      <marc:subfield code="4">aut</marc:subfield>
      <marc:subfield code="e">Verfasser/-in</marc:subfield>
   </marc:datafield>
   <marc:datafield ind1="1" ind2=" " tag="100">
      <marc:subfield code="a">Walsch, Neale Donald</marc:subfield>
   </marc:datafield>
   <marc:datafield ind1=" " ind2=" " tag="653">
      <marc:subfield code="a">Spiritualität</marc:subfield>
   </marc:datafield>
   <marc:datafield ind1=" " ind2=" " tag="653">
      <marc:subfield code="a">Lebenssinn</marc:subfield>
   </marc:datafield>
   <marc:datafield ind1=" " ind2=" " tag="653">
      <marc:subfield code="a">Lebensführung</marc:subfield>
   </marc:datafield>
   <marc:datafield ind1=" " ind2=" " tag="653">
      <marc:subfield code="a">9</marc:subfield>
   </marc:datafield>
   <marc:datafield ind1="0" ind2="0" tag="245">
      <marc:subfield code="a">Was wirklich wichtig ist</marc:subfield>
   </marc:datafield>
   <marc:datafield ind1="0" ind2="0" tag="245">
      <marc:subfield code="b">neue Gespräche mit der Menschheit</marc:subfield>
   </marc:datafield>
   <marc:datafield ind1="0" ind2="0" tag="245">
      <marc:subfield code="c">Neale Donald Walsch. Aus dem Amerikan. von Thomas Görden</marc:subfield>
   </marc:datafield>
   <marc:datafield ind1=" " ind2="1" tag="264">
      <marc:subfield code="a">Berlin</marc:subfield>
      <marc:subfield code="b">Ullstein</marc:subfield>
      <marc:subfield code="c">2014</marc:subfield>
   </marc:datafield>
   <marc:datafield ind1=" " ind2=" " tag="250">
      <marc:subfield code="a">Neuausg., 1. Aufl.</marc:subfield>
   </marc:datafield>
   <marc:datafield ind1="1" ind2=" " tag="520">
      <marc:subfield code="a">Angaben aus der Verlagsmeldung

Was wirklich wichtig ist : Neue Gespräche mit der Menschheit / von Neale Donald Walsch

Warum beschäftigen sich 98% der Weltbevölkerung 98% ihrer Zeit mit unwichtigen Dingen, die weder ihr eigenes Leben noch das ihrer Mitmenschen verbessern?
Warum beschäftigen sich 98% der Weltbevölkerung 98% ihrer Zeit mit unwichtigen Dingen, die weder ihr eigenes Leben noch das ihrer Mitmenschen verbessern?

Mit seinem neuen Buch geht Bestsellerautor Walsch auf die Suche nach dem, was für uns Menschen wirklich wichtig ist. Er entdeckt überall auf der Welt einfache Lösungen, die uns und unserem Planeten helfen können. Aber er entdeckt auch überall die Blockaden, die uns von diesen Lösungen abhalten. Mit einer ebenso einfachen wie eleganten Formel zeigt Walsch, was wir erreichen können, wenn wir uns auf das konzentrieren, was unser Herz von uns verlangt.
</marc:subfield>
   </marc:datafield>
   <marc:datafield ind1=" " ind2=" " tag="020">
      <marc:subfield code="a">9783548746166</marc:subfield>
      <marc:subfield code="9">9783548746166</marc:subfield>
   </marc:datafield>
   <marc:datafield ind1=" " ind2=" " tag="020">
      <marc:subfield code="a">3548746160</marc:subfield>
      <marc:subfield code="9">3548746160</marc:subfield>
   </marc:datafield>
   <marc:datafield ind1=" " ind2=" " tag="041">
      <marc:subfield code="a">ger</marc:subfield>
   </marc:datafield>
   <marc:datafield ind1=" " ind2=" " tag="300">
      <marc:subfield code="a">249 S.</marc:subfield>
   </marc:datafield>
</marc:record>
